000 00274nam a22001097a 4500
041 _aENG
245 _aThe World Almanac And Book Of Facts 2005
260 _aDelhi
_bWorld Almanac Books
_c2005
300 _a1008
650 _aCompetitlve Exam
856 _uCompetitlve Exam ( 36 )
999 _c929
_d929